000 00692nam a2200193Ia 4500
003 GCL
008 140319s9999 xx 000 0 ara d
040 _aGCL /
_cGCL
082 0 4 _aد
_b050
_bد هـ
245 1 0 _aالهلال يوليه 1997 : الاحزاب المصرية
260 _aالقاهرة :
_bدار الهلال للطباعة والنشر ،
_c1997
650 0 4 _aالاحوال السياسية
650 0 4 _aالاحزاب السياسية
650 0 4 _aالمصريون القدماء
650 0 4 _aمصر - تاريخ - العصر الحديث - ثورة 1919
650 0 4 _aمهرجان كان
650 0 4 _aالمقالات العربية - مصر
942 _2ddc
_cCR
999 _c6683
_d6683